000 00275nam a22001217a 4500
008 181017b xxu||||| |||| 00| 0 eng d
041 _aeng
080 _a710
100 _a44
101 _aART
245 _aThe Notebook Of Leonardo Dvinci
_cJean.p.R
942 _2udc
_cBK
999 _c49962
_d49962